Zero defects (Record no. 83439)
[ view plain ]
| 000 -LEADER | |
|---|---|
| fixed length control field | 00671nam a2200157 a 4500 |
| 008 - FIXED-LENGTH DATA ELEMENTS--GENERAL INFORMATION | |
| fixed length control field | 120416s1966 ||||||||||||||||| || u |
| 050 ## - LIBRARY OF CONGRESS CALL NUMBER | |
| Classification number | TS 156.Q3 Hal |
| 100 ## - MAIN ENTRY--PERSONAL NAME | |
| Personal name | Halpin, James F |
| 245 10 - TITLE STATEMENT | |
| Title | Zero defects |
| 246 ## - | |
| -- | a new dimension in quality assurance |
| 260 ## - PUBLICATION, DISTRIBUTION, ETC. | |
| Place of publication, distribution, etc. | New York |
| Name of publisher, distributor, etc. | McGraw-Hill |
| Date of publication, distribution, etc. | 1966 |
| 300 ## - PHYSICAL DESCRIPTION | |
| Extent | xii, 228p. : ill. |
| 350 ## - | |
| -- | 0.00 |
| 995 ## - | |
| -- | ANNEX COLLECTION (Main Library) |
| -- | 0.00 |
| -- | 015922 |
| -- | CBU-MAIN LIBRARY (Kitwe) |
| -- | 1 |
| -- | 9.95 |
| -- | TS 156.Q3 Hal |
| -- | AVAILABLE |
| -- | 015922 |
| -- | Annex Low-Usage Collection |
| 995 ## - | |
| -- | ANNEX COLLECTION (Main Library) |
| -- | 0.00 |
| -- | 015923 |
| -- | CBU-MAIN LIBRARY (Kitwe) |
| -- | 2 |
| -- | 9.95 |
| -- | TS 156.Q3 Hal |
| -- | AVAILABLE |
| -- | 015923 |
| -- | Annex Low-Usage Collection |
| 999 ## - | |
| -- | 83439 |
| -- | 83439 |
| Withdrawn status | Lost status | Source of classification or shelving scheme | Damaged status | Not for loan | Permanent Location | Current Location | Shelving location | Date acquired | Total Checkouts | Full call number | Barcode | Date last seen | Copy number | Price effective from | Koha item type |
|---|---|---|---|---|---|---|---|---|---|---|---|---|---|---|---|
| CBU-MAIN LIBRARY, KITWE. | CBU-MAIN LIBRARY, KITWE. | 10/30/2023 | TS 156.Q3 Hal | 015922 | 10/30/2023 | 1 | 10/30/2023 | MONOGRAPH | |||||||
| CBU-MAIN LIBRARY, KITWE. | CBU-MAIN LIBRARY, KITWE. | 10/30/2023 | TS 156.Q3 Hal | 015923 | 10/30/2023 | 2 | 10/30/2023 | MONOGRAPH |